Mariana historien / (Record no. 44099)

MARC details
000 -LEADER
campo de control de longitud fija 00504nam a2200181 i 4500
001 - NÚMERO DE CONTROL
campo de control 44099
003 - IDENTIFICADOR DE NÚMERO DE CONTROL
campo de control ES-MaACL
005 - FECHA Y HORA DE LA ÚLTIMA TRANSACCIÓN
campo de control 20240510111441.0
007 - CAMPO FIJO DE DESCRIPCIÓN FÍSICA--INFORMACIÓN GENERAL
campo de control de longitud fija t|
008 - DATOS DE LONGITUD FIJA--INFORMACIÓN GENERAL
campo de control de longitud fija 030320s1905 fr ||||1| fre d
100 1# - ENTRADA PRINCIPAL--NOMBRE DE PERSONA
Nombre de persona Cirot, Georges.
9 (RLIN) 38902
245 10 - MENCIÓN DEL TÍTULO
Título Mariana historien /
Mención de responsabilidad, etc. par Georges Cirot.
260 ## - PUBLICACIÓN, DISTRIBUCIÓN, ETC.
Lugar de publicación, distribución, etc. Bordeaux :
Nombre del editor, distribuidor, etc. G. Gouhouilhou,
Fecha de publicación, distribución, etc. 1905.
300 ## - DESCRIPCIÓN FÍSICA
Extensión XIV, 481 p., 1 lám. ;
Dimensiones 25 cm.
600 14 - PUNTO DE ACCESO ADICIONAL DE MATERIA--NOMBRE DE PERSONA
Nombre de persona Mariana, Juan de,
Fechas asociadas al nombre 1536-1624
9 (RLIN) 76675
852 ## - LOCALIZACIÓN
Ubicación ES-MaACL
Número de control de estantería F-6735
Holdings
Estatus retirado Estado de pérdida Estado de daño No para préstamo Biblioteca de origen Biblioteca actual Ubicación en estantería Fecha de adquisición Fuente de adquisición Total de préstamos Signatura topográfica completa Código de barras Visto por última vez Precio de reemplazo Tipo de ítem Koha
        Biblioteca del Ateneo de Madrid Biblioteca del Ateneo de Madrid Depósito 2 17/01/2008     F-6735 1046416 23/02/2023 23/02/2023 Libro impreso